Les villes les plus peuplées de France commençant par N/O - Statistiques

Statistiques générales
  • Ce quiz a été pris 94 fois
    91 depuis la dernière actualisation
  • Le résultat moyen est 11 sur 15
Statistiques - réponses
Départements Population Lettres Villes % Correct
Loire Atlantique 319 000 N Nantes
100%
Alpes Maritimes 343 000 N Nice
100%
Loiret 116 000 O Orléans
96%
Gard 151 000 N Nîmes
95%
Meurthe et Moselle 105 000 N Nancy
93%
Nouvelle Calédonie 92 000 N Nouméa
90%
Deux-Sèvres 60 000 N Niort
89%
Hauts de Seine 96 000 N Nanterre
88%
Nièvre 33 000 N Nevers
81%
Aude 56 000 N Narbonne
75%
Hauts de Seine 60 000 N Neuilly-sur-Seine
55%
Seine Saint Denis 68 000 N Noisy le Grand
41%
Val de Marne 34 000 N Nogent-sur-Marne
34%
Seine Saint Denis 44 000 N Noisy-le-Sec
33%
Seine Saint Denis 36 000 N Neuilly-sur-Marne
28%
Aucun quiz correspondant
Distribution des résultats
% des personnes avec chaque résultat
Percentile par nombre de réponses
Votre historique - résultats
Vous n’avez pas pris ce quiz depuis la dernière actualisation